[Event "AUTO-OPEN-2097"]
[Site "http://www.queenalice.com/game.php?id=830595"]
[Date "2010.9.9"]
[Round "1"]
[White "ONLLYONNE"]
[Black "widad"]
[Result "0-1"]
[WhiteElo "1606"]
[BlackElo "1650"]

1. d4 f5 2. Nf3 Nf6 3. c4 e6 4. Nc3 Bb4 5. Bg5 h6 6. Bxf6 Qxf6 7. a3 Bxc3+ 8.
bxc3 b6 9. e3 Bb7 10. Bd3 Nc6 11. O-O g5 12. g3 g4 13. Nh4 O-O-O 14. e4 h5 15.
exf5 e5 16. d5 Ne7 17. Be4 d6 18. a4 a5 19. Rb1 Kd7 20. c5 dxc5 21. d6 Bxe4 22.
dxe7+ Kxe7 23. Ng6+ Qxg6 24. fxg6 Rxd1 25. Rbxd1 Bxg6 26. f4 exf4 27. Rxf4 Rh7
28. Re1+ Kd8 29. Rf8+ Kd7 30. Rd1+ Ke6 31. Rdf1 Bc2 32. R1f4 Ke7 33. Rc8 Kd7 34.
Rcf8 Kc6 35. R8f6+ Kb7 36. h3 Bd3 37. Rf7 Rh6 38. Rd7 Kc6 0-1

[Event "AUTO-OPEN-2097"]
[Site "http://www.queenalice.com/game.php?id=830596"]
[Date "2010.9.9"]
[Round "1"]
[White "widad"]
[Black "diego2907"]
[Result "0-1"]
[WhiteElo "1542"]
[BlackElo "1661"]

1. e4 e5 2. Nf3 d6 3. Bc4 h6 4. Nc3 Nf6 5. h3 a6 6. a3 Nc6 7. O-O Qe7 8. d3 b5
9. Bd5 Nxd5 10. Nxd5 Qd7 11. Be3 Rb8 12. b4 Ne7 13. c4 Nxd5 14. cxd5 Bb7 15. Rc1
Be7 16. d4 Bf6 17. Nd2 O-O 18. dxe5 dxe5 19. f4 exf4 20. Rxf4 Bg5 21. Rf3 Bxe3+
22. Rxe3 Rbe8 23. Nb3 f5 24. Nc5 Qc8 25. Ne6 Rf7 26. Rec3 fxe4 27. Qd4 Rd7 28.
Rg3 Rxe6 0-1

[Event "AUTO-OPEN-2097"]
[Site "http://www.queenalice.com/game.php?id=830597"]
[Date "2010.9.9"]
[Round "1"]
[White "diego2907"]
[Black "widad"]
[Result "1-0"]
[WhiteElo "1672"]
[BlackElo "1531"]

1. e4 e5 2. Bc4 Bc5 3. Nf3 d6 4. d3 Bg4 5. h3 Bxf3 6. Qxf3 Qf6 7. Qg3 Nc6 8. Be3
Nd4 9. Bb3 Nxb3 10. axb3 Bxe3 11. Qxe3 Ne7 12. Nc3 c6 13. Rxa7 O-O 14. O-O Rxa7
15. Qxa7 b5 16. Ne2 Qe6 17. Ng3 h6 18. f4 exf4 19. Rxf4 Ng6 20. Rf1 f6 21. Qb7
Qc8 22. Qb6 Ne5 23. Nf5 Nd7 24. Ne7+ Kh7 25. Nxc8 Nxb6 26. Nxb6 Rb8 27. Nd7 1-0

[Event "AUTO-OPEN-2097"]
[Site "http://www.queenalice.com/game.php?id=830598"]
[Date "2010.9.9"]
[Round "1"]
[White "widad"]
[Black "damanegra64"]
[Result "0-1"]
[WhiteElo "1521"]
[BlackElo "2002"]

1. e4 c5 2. Bc4 e6 3. Nc3 Nc6 4. a3 Nf6 5. d3 d5 6. exd5 exd5 7. Bb5 Be7 8. Nf3
d4 9. Na2 Qa5+ 10. Bd2 Qxb5 11. b3 O-O 12. c4 Qb6 13. O-O Bg4 14. Re1 Rfe8 15.
h3 Bh5 16. g4 Bg6 17. Bf4 Qd8 18. Qd2 Qd7 19. b4 Nxg4 20. Bg3 Nf6 21. b5 Nd8 22.
Ne5 Qxh3 23. Qf4 Nh5 24. Nxg6 Nxf4 25. Nxf4 Qd7 26. Nd5 Ne6 27. Re2 Bd6 28. Bxd6
Qxd6 29. Rae1 h6 30. a4 Kf8 31. Re5 f6 32. Rh5 Nf4 33. Rxe8+ Rxe8 34. Nc1 Nxh5
0-1

[Event "AUTO-OPEN-2097"]
[Site "http://www.queenalice.com/game.php?id=830599"]
[Date "2010.9.9"]
[Round "1"]
[White "damanegra64"]
[Black "widad"]
[Result "1-0"]
[WhiteElo "2002"]
[BlackElo "1573"]

1. e4 e5 2. Nf3 Nc6 3. Bb5 d6 4. d4 a6 5. Bxc6+ bxc6 6. dxe5 dxe5 7. Qxd8+ Kxd8
8. Nxe5 Be6 9. Nxc6+ Kd7 10. Nd4 Bc5 11. Nxe6 fxe6 12. Nc3 Nf6 13. Bg5 Rhf8 14.
O-O-O+ Kc6 15. f3 h6 16. Bd2 Rad8 17. Rhe1 Nh5 18. Be3 Rxd1+ 19. Kxd1 Bxe3 20.
Rxe3 Nf4 21. g3 Rd8+ 22. Kc1 Ng6 23. Rd3 Rxd3 24. cxd3 Ne5 25. f4 Nxd3+ 26. Kc2
Ne1+ 27. Kb3 Kc5 28. Ne2 Nf3 29. h4 c6 30. Kc3 a5 31. b3 e5 32. f5 Nd4 33. Nxd4
exd4+ 34. Kd3 h5 35. a3 Kb5 36. Kxd4 1-0

[Event "Challenge"]
[Site "http://www.queenalice.com/game.php?id=831196"]
[Date "2010.9.10"]
[Round "-"]
[White "widad"]
[Black "cazzo"]
[Result "0-1"]
[WhiteElo "1588"]
[BlackElo "2017"]

1. e4 e6 2. d4 d5 3. exd5 exd5 4. Nf3 Nf6 5. c4 Bb4+ 6. Bd2 Qe7+ 7. Qe2 O-O 8.
Qxe7 Bxe7 9. Bd3 Bg4 10. c5 Nc6 11. Be3 Nb4 12. Ke2 b6 13. a3 Nxd3 14. Kxd3 Bf5+
15. Ke2 bxc5 16. Nc3 Rab8 17. Bc1 Rfe8 18. Be3 Rxb2+ 19. Nd2 cxd4 20. Bxd4 Bc5+
21. Kd1 Bxd4 22. Ncb1 Ng4 23. Nf3 Nxf2+ 24. Kc1 Rc2# 0-1

[Event "Challenge"]
[Site "http://www.queenalice.com/game.php?id=832269"]
[Date "2010.9.13"]
[Round "-"]
[White "widad"]
[Black "cadinho10"]
[Result "0-1"]
[WhiteElo "1630"]
[BlackElo "1701"]

1. e4 e5 2. Nf3 Nf6 3. d3 Nc6 4. Bg5 Bc5 5. Nc3 h6 6. Be3 Bb6 7. Bxb6 axb6 8. a3
d6 9. h3 O-O 10. Be2 Nh5 11. Nxe5 Nxe5 12. Bxh5 f5 13. Qd2 fxe4 14. dxe4 Nc4 15.
Qd5+ Kh8 16. Qxc4 Qh4 17. Bf3 Bg4 18. O-O-O Bxf3 19. gxf3 Rac8 20. Qe2 Qh5 21.
Rd3 Rf7 22. Nd5 b5 23. Kb1 Rcf8 24. c3 Rxf3 25. Rxf3 Qxf3 26. Qxf3 Rxf3 27. Nxc7
Rxf2 28. Nxb5 Rf6 29. Rd1 Re6 30. Nxd6 b6 31. Kc2 Kh7 32. c4 Kg6 33. Kc3 Kf6 34.
b4 Ke5 35. Rd5+ Kf4 36. Rf5+ Kg3 37. b5 g5 38. Rd5 Kxh3 39. Rd3+ Kh2 40. Rd2+
Kh3 41. Kd4 Rxd6+ 42. Ke3 Rxd2 43. Kxd2 g4 44. Ke1 g3 45. Kf1 Kh2 46. e5 g2+ 47.
Ke2 g1=Q 0-1

[Event "QA-ANNIV-06"]
[Site "http://www.queenalice.com/game.php?id=836873"]
[Date "2010.9.23"]
[Round "2"]
[White "dlabedz"]
[Black "widad"]
[Result "1-0"]
[WhiteElo "1353"]
[BlackElo "1567"]

1. d4 f5 2. d5 Nf6 3. c4 d6 4. e3 e5 5. Nc3 a6 6. f3 Be7 7. Nh3 h6 8. Be2 O-O 9.
Bd2 Bd7 10. Qc2 f4 11. exf4 1-0